Die Anfänge des Humanismus in Ingolstadt : Eine Litterarische Studie Zur Deutschen Universitätsgeschichte.

Bibliographic Details
Main Author: Bauch, Gustav.
Format: eBook
Language:German
Published: Berlin/München/Boston : Walter de Gruyter GmbH, 2018.
Edition:1st ed.
Series:Historische Bibliothek Series
Subjects:
Online Access:Click to View
LEADER 01566nam a22003613i 4500
001 EBC7015123
003 MiAaPQ
005 20240729202203.0
006 m o d |
007 cr cnu||||||||
008 240729s2018 xx o ||||0 ger d
020 |a 9783486730111  |q (electronic bk.) 
035 |a (MiAaPQ)EBC7015123 
035 |a (Au-PeEL)EBL7015123 
035 |a (OCoLC)1330935365 
040 |a MiAaPQ  |b eng  |e rda  |e pn  |c MiAaPQ  |d MiAaPQ 
100 1 |a Bauch, Gustav. 
245 1 4 |a Die Anfänge des Humanismus in Ingolstadt :  |b Eine Litterarische Studie Zur Deutschen Universitätsgeschichte. 
250 |a 1st ed. 
264 1 |a Berlin/München/Boston :  |b Walter de Gruyter GmbH,  |c 2018. 
264 4 |c {copy}1901. 
300 |a 1 online resource (132 pages) 
336 |a text  |b txt  |2 rdacontent 
337 |a computer  |b c  |2 rdamedia 
338 |a online resource  |b cr  |2 rdacarrier 
490 1 |a Historische Bibliothek Series ;  |v v.13 
588 |a Description based on publisher supplied metadata and other sources. 
590 |a Electronic reproduction. Ann Arbor, Michigan : ProQuest Ebook Central, 2024. Available via World Wide Web. Access may be limited to ProQuest Ebook Central affiliated libraries.  
655 4 |a Electronic books. 
776 0 8 |i Print version:  |a Bauch, Gustav  |t Die Anfänge des Humanismus in Ingolstadt  |d Berlin/München/Boston : Walter de Gruyter GmbH,c2018 
797 2 |a ProQuest (Firm) 
830 0 |a Historische Bibliothek Series 
856 4 0 |u https://ebookcentral.proquest.com/lib/matrademy/detail.action?docID=7015123  |z Click to View